000 00420nam a2200145 4500
005 20260530113842.0
100 1 _aHans Stolper
_930344
245 1 0 _aDimensiones de muebles, objetos y espacios / SCHRANKWÄNDE UND WANDSSCHRÄNKE
264 1 _bCallawey, Munchen
_c1958
300 _a80 páginas
500 _aLIBRO ESPECIAL
336 _atexto
_2rdacontent
337 _asin medio
_2rdamedia
338 _avolumen
_2rdacarrier
999 _c11163
_d11163